Modern country homes in England (Record no. 116223)

MARC details
000 -LEADER
campo de control de longitud fija 00814nam a2200241 4500
001 - NÚMERO DE CONTROL
campo de control 116223
003 - IDENTIFICADOR DE NÚMERO DE CONTROL
campo de control ES-MaACL
005 - FECHA Y HORA DE LA ÚLTIMA TRANSACCIÓN
campo de control 20230906190648.0
007 - CAMPO FIJO DE DESCRIPCIÓN FÍSICA--INFORMACIÓN GENERAL
campo de control de longitud fija t|
008 - DATOS DE LONGITUD FIJA--INFORMACIÓN GENERAL
campo de control de longitud fija 061121s1986 xxk r ||||1| eng d
020 ## - NÚMERO INTERNACIONAL ESTÁNDAR DEL LIBRO
Número Internacional Estándar del Libro 0-521-24231-2
100 1# - ENTRADA PRINCIPAL--NOMBRE DE PERSONA
Nombre de persona Parker, Barry.
9 (RLIN) 89168
245 10 - MENCIÓN DEL TÍTULO
Título Modern country homes in England
Resto del título : the arts and crafts architecture /
Mención de responsabilidad, etc. of Barry Parker ; edited and introduced by Dean Hawkes.
260 ## - PUBLICACIÓN, DISTRIBUCIÓN, ETC.
Lugar de publicación, distribución, etc. Cambridge :
Nombre del editor, distribuidor, etc. University Press,
Fecha de publicación, distribución, etc. 1986.
300 ## - DESCRIPCIÓN FÍSICA
Extensión XI, 170 p. :
Otras características físicas il ;
Dimensiones 26 cm.
490 1# - MENCIÓN DE SERIE
Mención de serie Cambridge urban and architectural studies ;
Designación de volumen o secuencia 11
500 ## - NOTA GENERAL
Nota general Indice.
504 ## - NOTA DE BIBLIOGRAFÍA, ETC.
Nota de bibliografía, etc. Bibliografía.
700 1# - ENTRADA AGREGADA--NOMBRE PERSONAL
Nombre de persona Hawkes, Dean.
9 (RLIN) 62162
830 0# - PUNTO DE ACCESO ADICIONAL DE SERIE-TÍTULO UNIFORME
Título uniforme Cambridge urban and architectural studies ;
Designación de volumen o secuencia 11
9 (RLIN) 233303
852 ## - LOCALIZACIÓN
Ubicación ES-MaACL
Número de control de estantería L-10228
Sublocalización o colección R.112426
Holdings
Estatus retirado Estado de pérdida Estado de daño No para préstamo Biblioteca de origen Biblioteca actual Ubicación en estantería Fecha de adquisición Fuente de adquisición Total de préstamos Signatura topográfica completa Código de barras Visto por última vez Precio de reemplazo Tipo de ítem Koha
        Biblioteca del Ateneo de Madrid Biblioteca del Ateneo de Madrid Depósito 2 17/01/2008     L-10228 1121198 23/02/2023 23/02/2023 Libro impreso